Superheroes (All Lyrics) - The Script - Statistics

General Stats
  • This quiz has been taken 11 times
  • The average score is 344 of 450
Answer Stats
Answer % Correct
a
100%
A
100%
and
100%
you
100%
All
88%
all
88%
be
88%
ever
88%
(Every
88%
every
88%
Every
88%
for
88%
he
88%
He'll
88%
her
88%
how
88%
in
88%
into
88%
it
88%
know
88%
mean
88%
of
88%
on
88%
right
88%
she
88%
she's
88%
She's
88%
superhero
88%
that
88%
That's
88%
that's
88%
the
88%
They
88%
they
88%
things
88%
to
88%
too
88%
when
88%
When
88%
your
88%
away
75%
been
75%
by
75%
'Cause
75%
day
75%
fighting
75%
fly
75%
grow
75%
has
75%
heart
75%
he's
75%
He's
75%
his
75%
hour
75%
learns
75%
let
75%
life
75%
make
75%
nothing
75%
Now
75%
old
75%
pain
75%
power)
75%
power
75%
see
75%
show
75%
starts
75%
steel
75%
street
75%
stronger
75%
struggling
75%
tears
75%
than
75%
told
75%
took
75%
turn
75%
you've
75%
You've
75%
blow
63%
dream
63%
fire
63%
hurt
63%
is
63%
lies
63%
much
63%
Oh
63%
prophet's
63%
seen
63%
their
63%
they've
63%
won't
63%
beast
50%
cry
50%
eyes
50%
got
50%
just
50%
meanest
50%
moment
50%
night
50%
profit
50%
side
50%
so
50%
You'll
50%
belly
38%
control
38%
explode
38%
hard
38%
hits
38%
kicks
38%
light
38%
lions
38%
soul
38%
taken
38%
watch
38%
back
25%
blows
25%
match
25%
stand
25%
working
25%
Yeah
25%
'em
13%
No matching quizzes found
Score Distribution
Percent of People with Each Score
Percentile by Number Answered
Your Score History
You have not taken this quiz